|
|
|
|
| LEADER |
00000ngm a2200000 a 4500 |
| 001 |
vtls010263260 |
| 003 |
SK-MaSNL |
| 005 |
20260301031550.0 |
| 007 |
vd bvaizu |
| 008 |
110314p2009 xo 086 vlcze |
| 040 |
|
|
|a SNK
|b slo
|c SNK
|e AACR2
|
| 041 |
0 |
|
|a cze
|b eng
|b cze
|
| 044 |
|
|
|a xo
|c SK
|
| 072 |
|
7 |
|a 791
|x Film. Cirkus. Ľudová zábava
|2 konspekt
|
| 080 |
|
|
|a 791.221/.228
|2 2001
|
| 080 |
|
|
|a 791.221.2
|2 2001
|
| 080 |
|
|
|a (0.034.44)
|2 2001
|
| 245 |
0 |
0 |
|a Konec agenta W4C prostřednictvím psa pana Foustky
|h videozáznam
|c réžia: Václav Vorlíček
|
| 260 |
|
|
|a [Bratislava]
|b Ringier
|c [2009]
|
| 300 |
|
|
|a 1 videodisk (DVD) (86 min.)
|b zvuk., čb.
|c 12 cm
|
| 490 |
1 |
|
|a Nový Čas vás baví
|
| 500 |
|
|
|a Názov z obalu
|
| 500 |
|
|
|a Československá špionážna paródia z roku 1967
|
| 508 |
|
|
|a Scenár, Oldřich Daněk, Václav Vorlíček
|
| 511 |
0 |
|
|a Hrajú: Jan Kačer, Květa Fialová, Jiří Sovák a ďalší
|
| 521 |
8 |
|
|a Nevhodné do 15 rokov
|
| 538 |
|
|
|a DVD video 5; zvuk Dolby digital 2.0, 5.1; obraz 16:9 PAL; región ALL
|
| 546 |
|
|
|a V českom znení, titulky české a anglické
|
| 650 |
0 |
7 |
|a hrané filmy
|2 SNKPH
|9 68885
|
| 650 |
0 |
7 |
|a filmové komédie
|2 SNKPH
|9 326988
|
| 655 |
|
7 |
|a DVD
|2 SNKPH
|9 70751
|
| 700 |
1 |
|
|a Vorlíček, Václav,
|d 1930-2019
|4 drt
|4 sce
|9 113595
|
| 700 |
1 |
|
|a Daněk, Oldřich,
|d 1927-2000
|4 sce
|9 42242
|
| 700 |
1 |
|
|a Kačer, Jan,
|d 1936-2024
|4 act
|9 100123
|
| 700 |
1 |
|
|a Fialová, Květa,
|d 1929-2017
|4 act
|9 113526
|
| 830 |
|
0 |
|a Nový Čas vás baví
|9 326727
|
| 999 |
|
|
|c 576913
|d 578843
|
| 952 |
|
|
|a SNK
|b SNK
|y PREZ
|7 0
|p 17A0690945
|o snkSDVD 1102
|i snk2011/5661
|8 0
|0 0
|1 0
|4 0
|d 2011-03-14
|l 0
|r 2026-02-23 14:36:50
|w 2026-02-23
|
| 952 |
|
|
|a SNK
|b SNK
|y PREZ
|7 0
|p 17A0690946
|o snkSDVD 1102 D1
|i snk2011/5662
|8 0
|0 0
|1 0
|4 0
|d 2011-03-14
|l 0
|r 2026-02-23 14:36:50
|w 2026-02-23
|